Vista normal
Vista MARC
Entrada Personal Name
Número de registros utilizados en: 1
001 - CONTROL NUMBER
- control field: 35368
003 - CONTROL NUMBER IDENTIFIER
- control field: OSt
005 - DATE AND TIME OF LATEST TRANSACTION
- control field: 20230915231942.0
008 - FIXED-LENGTH DATA ELEMENTS
- fixed length control field: 230915|| aca||aabn | a|a d
040 ## - CATALOGING SOURCE
- Original cataloging agency: OSt
- Transcribing agency: OSt
100 ## - HEADING--PERSONAL NAME
- Personal name: Quiroga, Juan Facundo, 1790 - 1835 Crítica e interpretación
670 ## - SOURCE DATA FOUND
- Source citation: Work cat.: (OSt)32241: Sarmiento, Domingo Faustino, 1811 - 1888 35367, Facundo, civilización y barbarie / , 1977